000 00601nam a2200217Ia 4500
005 20250508170021.0
008 008 250505s9999 xx 000 0 eng d
020 _a978-0-815-34978-5
037 _aTextual
040 _aFEDL
_beng
_cFEDL
041 _aeng
_2eng
084 _a808.066 6, BLA
_qFEDL
100 _aBlackeslee Ann
_9782715
245 0 _aBecoming a writing researcher
260 _aNew York, USA
_bRoutledge
300 _axi, 230p.
365 _aINR
_b1.25
700 _a Fleischer Cathy
_9782716
942 _cTEXL
_h808.066 6, BLA
999 _c1398702
_d1398702